Space Trivia - Statistics

General Stats
  • This quiz has been taken 33 times
  • The average score is 4 of 15
Answer Stats
Hint Answer % Correct
How many planets in the solar system? 8
90%
How many dwarf planets? 5
69%
Largest moon in the solar system? Ganymede
48%
Volcanic moon of Jupiter? Io
45%
Largest Black Hole? TON 618
45%
Failed Star? Brown Dwarf
28%
How long is a day on Mercury? 88 Days
21%
Named "Super Saturn" Due to it's huge ring system J1407b
17%
The diameter of the observable universe? 93 Billion Light Years
10%
Galaxy with a Redshift of z = 10.957 GN-z11
10%
Name of the diamond planet? 55 Cancri E
7%
Most distant galaxy as of 2023? HD1
7%
Largest Planet In The Universe So Far? HD 100546 b
7%
Possible Water-World? GJ1214b
3%
Smallest Planet Discovered? Kepler 37b
3%
No matching quizzes found
Score Distribution
Percent of People with Each Score
Percentile by Number Answered
Your Score History
You have not taken this quiz